[Event "PER-ch (Women)"]
[Site "Lima"]
[Date "2023.09.02"]
[Round "7"]
[White "Caballero Quijano, Mitzy Mishell"]
[Black "Arenas Lavado, Luciana Andrea"]
[Result "1-0"]
[WhiteElo "2045"]
[BlackElo "1535"]
[PlyCount "179"]
[EventDate "2023.08.29"]
[EventType "swiss"]
[EventRounds "9"]
[EventCountry "PER"]
[SourceTitle "EXT 2024"]
[Source "ChessBase"]
[SourceDate "2023.10.10"]
[SourceVersion "1"]
[SourceVersionDate "2023.10.10"]
[SourceQuality "1"]

1. d4 Nf6 2. Nf3 e6 3. g3 b6 4. Bg2 Bb7 5. 0-0 Be7 6. c4 d6 7. Nc3 Nbd7 8. Re1 Ne4 9. Qc2 Nxc3 10. Qxc3 Nf6 11. b3 0-0 12. Bb2 Ne4 13. Qd3 f5 14. Red1 Rb8 15. Ne1 Nf6 16. d5 Qc8 17. f4 exd5 18. cxd5 Nd7 19. b4 Bf6 20. Bxf6 Nxf6 21. Rac1 Qd7 22. Qc4 Rbc8 23. Nf3 Rfe8 24. Nd4 Ng4 25. Nc2 Ne3 26. Nxe3 Rxe3 27. Bf3 Re7 28. b5 Ra8 29. a4 a6 30. Rd2 a5 31. Rdc2 Rc8 32. Qd3 g6 33. Kf2 Qe8 34. h4 Qf7 35. h5 Rce8 36. hxg6 hxg6 37. Qd4 Rc8 38. e4 Qg7 39. Qd3 Qf6 40. Rh1 fxe4 41. Bxe4 Kg7 42. Bf3 Rh8 43. Rxh8 Kxh8 44. Qc3 Qxc3 45. Rxc3 Bc8 46. g4 Kg7 47. Rc1 Kf6 48. Rh1 Kg7 49. Rc1 Kf6 50. Kg3 Bb7 51. g5+ Kg7 52. Rc4 Kf8 53. Be4 Kg7 54. Kf3 Bc8 55. Rc1 Bd7 56. Bd3 Bc8 57. Rh1 Bd7 58. Rh6 Be8 59. f5 gxf5 60. Bxf5 Re5 61. Kf4 Rxd5 62. Rh7+ Kf8 63. g6 Bxg6 64. Bxg6 Rd4+ 65. Ke3 Rxa4 66. Rxc7 Rb4 67. Bd3 a4 68. Ra7 Ke8 69. Ra6 a3 70. Rxa3 Kd8 71. Ra7 Kc8 72. Kd2 Rh4 73. Kc3 Rf4 74. Rg7 Rh4 75. Bf5+ Kb8 76. Bd7 Kc7 77. Bc6+ Kc8 78. Rd7 Rh6 79. Kd4 Rh4+ 80. Kd5 Rh5+ 81. Kxd6 Rh6+ 82. Kd5 Rh5+ 83. Kc4 Rh4+ 84. Rd4 Rh5 85. Rf4 Kc7 86. Rf7+ Kc8 87. Rb7 Rh4+ 88. Kc3 Rh3+ 89. Kb2 Rh2+ 90. Kb1 1-0

[Event "PER-ch (Women)"]
[Site "Lima"]
[Date "2023.08.29"]
[Round "1"]
[White "Caballero Quijano, Mitzy Mishell"]
[Black "Maravi Ceron, Ayme Jacqueline"]
[Result "1-0"]
[WhiteElo "2045"]
[BlackElo "1474"]
[PlyCount "71"]
[EventDate "2023.08.29"]
[EventType "swiss"]
[EventRounds "9"]
[EventCountry "PER"]
[SourceTitle "EXT 2024"]
[Source "ChessBase"]
[SourceDate "2023.10.10"]
[SourceVersion "1"]
[SourceVersionDate "2023.10.10"]
[SourceQuality "1"]

1. e4 c5 2. Nf3 d6 3. Bb5+ Bd7 4. Bxd7+ Qxd7 5. 0-0 Nf6 6. e5 Ng4 7. exd6 Qxd6 8. h3 Nf6 9. d4 e6 10. Na3 cxd4 11. Nxd4 a6 12. Be3 Qc7 13. c4 Bxa3 14. Qa4+ Nc6 15. Nb5 Qe7 16. Qxa3 Qxa3 17. Nxa3 0-0 18. Rfd1 Rfd8 19. Nc2 Ne5 20. b3 Ne4 21. Bb6 Rxd1+ 22. Rxd1 Nc3 23. Re1 Nd3 24. Re3 Nc1 25. a4 N3a2 26. a5 Rc8 27. Kf1 Rc6 28. c5 f5 29. f4 Kf7 30. Nd4 Rc8 31. Nxe6 Nb4 32. Nd8+ Kf8 33. Nxb7 Nd5 34. Re5 Ne7 35. Nd6 Rc6 36. Bd8 1-0

[Event "Titled Tuesday intern op 17th Jan Late"]
[Site "Chess.com INT"]
[Date "2023.01.17"]
[Round "9"]
[White "Caballero Quijano, Mitzy Mishell"]
[Black "Belenkaya, Dina"]
[Result "1-0"]
[WhiteElo "2082"]
[BlackElo "2330"]
[PlyCount "141"]
[EventDate "2023.01.17"]
[EventType "swiss (blitz)"]
[EventRounds "11"]
[EventCountry "USA"]
[SourceTitle "CBM 212 Extra"]
[Source "ChessBase"]
[SourceDate "2023.03.31"]
[SourceVersion "1"]
[SourceVersionDate "2023.03.31"]
[SourceQuality "1"]

1. d4 Nf6 2. Nf3 g6 3. c4 d6 4. g3 Nbd7 5. Bg2 Bg7 6. Nc3 0-0 7. 0-0 Re8 8. e4 e5 9. h3 c6 10. Re1 Qc7 11. Be3 Nf8 12. Qc2 exd4 13. Nxd4 Ne6 14. Rad1 a5 15. Ndb5 cxb5 16. Nxb5 Qe7 17. Nxd6 Rd8 18. e5 Ne8 19. Bb6 Rd7 20. c5 Nxd6 21. exd6 Qf6 22. c6 bxc6 23. Bxc6 Rb8 24. Bxd7 Bxd7 25. Be3 Rxb2 26. Qe4 Ng5 27. Qa8+ Bf8 28. Rf1 Nf3+ 29. Kg2 Ne5 30. Kh2 Bc6 31. Qxc6 Nxc6 32. d7 Nd8 33. Bd4 Qf3 34. Bxb2 Qc6 35. Be5 Qe6 36. Bf4 Be7 37. Rfe1 Qf6 38. Re2 Kg7 39. Rde1 g5 40. Be5 Kg6 41. Bxf6 Bxf6 42. Rd2 Nc6 43. Rd3 Nd8 44. Re8 Kg7 45. f4 gxf4 46. gxf4 Nc6 47. f5 Nd8 48. Kg2 Bg5 49. Kf1 Bf6 50. Ke2 h5 51. a4 h4 52. Rb3 Kh6 53. Rb8 Nc6 54. d8Q Bxd8 55. Rexd8 Kg5 56. Rdc8 Nxb8 57. Rxb8 Kxf5 58. Rb5+ Kf4 59. Rxa5 Kg3 60. Rb5 Kxh3 61. Rf5 Kg4 62. Rxf7 h3 63. Rh7 h2 64. Kd3 Kf5 65. Rxh2 Ke6 66. Rh5 Kd6 67. Kc4 Kc7 68. Rh6 Kb7 69. Rh7+ Ka6 70. Kc5 Ka5 71. Ra7# 1-0

[Event "Titled Tuesday intern op 17th Jan Early"]
[Site "Chess.com INT"]
[Date "2023.01.17"]
[Round "10"]
[White "Gatterer, Florian"]
[Black "Caballero Quijano, Mitzy Mishell"]
[Result "1-0"]
[WhiteElo "2175"]
[BlackElo "2082"]
[PlyCount "91"]
[EventDate "2023.01.17"]
[EventType "swiss (blitz)"]
[EventRounds "11"]
[EventCountry "USA"]
[SourceTitle "CBM 212 Extra"]
[Source "ChessBase"]
[SourceDate "2023.03.31"]
[SourceVersion "1"]
[SourceVersionDate "2023.03.31"]
[SourceQuality "1"]

1. Nf3 e6 2. c4 b6 3. g3 Bb7 4. Bg2 f5 5. 0-0 Nf6 6. d4 Be7 7. Nc3 0-0 8. d5 exd5 9. cxd5 Bb4 10. Qb3 Bxc3 11. d6+ Bd5 12. Qxc3 cxd6 13. Bf4 Qe7 14. Qa3 Qxe2 15. Bxd6 Re8 16. Rae1 Qb5 17. Rxe8+ Nxe8 18. Bf4 Nc6 19. Rd1 Nf6 20. h3 Re8 21. Be3 Ne4 22. Nd4 Nxd4 23. Rxd4 Bc6 24. b3 Qe2 25. Bf1 Qf3 26. Bg2 Qe2 27. Bf1 Qe1 28. Qc1 Qxc1 29. Bxc1 Kf7 30. Bc4+ Kf6 31. Bf4 Rd8 32. f3 g5 33. Bc7 Nc5 34. Bxd8+ Ke5 35. Rd2 d5 36. Be2 d4 37. Bxg5 h5 38. Bf4+ Ke6 39. Bc4+ Kf6 40. Rxd4 Bxf3 41. Rd6+ Ke7 42. Kf2 Be4 43. Rh6 Bb1 44. a3 Bc2 45. Ke3 Ne4 46. Bd3 1-0

[Event "Titled Tuesday intern op 17th Jan Late"]
[Site "Chess.com INT"]
[Date "2023.01.17"]
[Round "2"]
[White "Hnydiuk, Aleksander"]
[Black "Caballero Quijano, Mitzy Mishell"]
[Result "1-0"]
[WhiteElo "2364"]
[BlackElo "2082"]
[PlyCount "83"]
[EventDate "2023.01.17"]
[EventType "swiss (blitz)"]
[EventRounds "11"]
[EventCountry "USA"]
[SourceTitle "CBM 212 Extra"]
[Source "ChessBase"]
[SourceDate "2023.03.31"]
[SourceVersion "1"]
[SourceVersionDate "2023.03.31"]
[SourceQuality "1"]

1. d4 e6 2. Bf4 f5 3. e3 Nf6 4. h3 Be7 5. Bd3 0-0 6. g4 Ne4 7. Nd2 d5 8. Ngf3 b6 9. Ne5 Bb7 10. Qe2 Bh4 11. Rf1 c5 12. 0-0-0 c4 13. Bxe4 fxe4 14. c3 g5 15. Bh2 Nd7 16. f3 Nxe5 17. Bxe5 exf3 18. Nxf3 Bc6 19. e4 Qe7 20. Nxh4 gxh4 21. Kb1 Qg5 22. Bd6 Rxf1 23. Rxf1 Qg6 24. Rf4 dxe4 25. Kc1 Bd5 26. Qf2 Qg7 27. Be5 Qe7 28. Rf6 Rf8 29. Qf4 Rxf6 30. Bxf6 Qf8 31. Qg5+ Kf7 32. Be5 Ke8 33. Bf4 Qf7 34. Qe5 Kf8 35. Kd2 Ke8 36. Qb8+ Ke7 37. Qxa7+ Kf6 38. Qxb6 Kg6 39. Ke3 h5 40. Qd8 hxg4 41. Qg5+ Kh7 42. Qxh4+ 1-0

[Event "Titled Tuesday intern op 17th Jan Late"]
[Site "Chess.com INT"]
[Date "2023.01.17"]
[Round "10"]
[White "Kozin, Yuri"]
[Black "Caballero Quijano, Mitzy Mishell"]
[Result "1-0"]
[WhiteElo "2251"]
[BlackElo "2082"]
[PlyCount "81"]
[EventDate "2023.01.17"]
[EventType "swiss (blitz)"]
[EventRounds "11"]
[EventCountry "USA"]
[SourceTitle "CBM 212 Extra"]
[Source "ChessBase"]
[SourceDate "2023.03.31"]
[SourceVersion "1"]
[SourceVersionDate "2023.03.31"]
[SourceQuality "1"]

1. e4 e6 2. d4 d5 3. Nd2 c5 4. Ngf3 Nf6 5. exd5 exd5 6. Bb5+ Bd7 7. Bxd7+ Nbxd7 8. 0-0 Be7 9. dxc5 0-0 10. Nb3 Nxc5 11. Nbd4 Nce4 12. Nf5 Bc5 13. Be3 Qd7 14. Bxc5 Nxc5 15. Ne3 Rad8 16. Qd4 b6 17. Rad1 Rfe8 18. Qh4 Re4 19. Qg3 Rb4 20. b3 Nce4 21. Qh4 a5 22. Rd4 Qc7 23. Rfd1 Nc3 24. R1d2 Nxa2 25. Nf5 Rxd4 26. N3xd4 Ne4 27. Qg4 g6 28. Rd3 Kf8 29. Ne3 Nb4 30. Rd1 Re8 31. Qh4 f5 32. c4 dxc4 33. bxc4 Nc3 34. Rc1 Ne4 35. h3 Kg8 36. Nb5 Qe5 37. Nd5 Nd3 38. Rd1 Nexf2 39. Rf1 Kg7 40. Nbc7 Ne4 41. Rd1 1-0

[Event "Titled Tuesday intern op 17th Jan Early"]
[Site "Chess.com INT"]
[Date "2023.01.17"]
[Round "4"]
[White "Mayank, Chakraborty"]
[Black "Caballero Quijano, Mitzy Mishell"]
[Result "1-0"]
[WhiteElo "2063"]
[BlackElo "2082"]
[PlyCount "83"]
[EventDate "2023.01.17"]
[EventType "swiss (blitz)"]
[EventRounds "11"]
[EventCountry "USA"]
[SourceTitle "CBM 212 Extra"]
[Source "ChessBase"]
[SourceDate "2023.03.31"]
[SourceVersion "1"]
[SourceVersionDate "2023.03.31"]
[SourceQuality "1"]

1. e4 e6 2. d4 d5 3. Bd3 dxe4 4. Bxe4 Nf6 5. Bf3 c5 6. Ne2 Nc6 7. Be3 cxd4 8. Nxd4 Ne5 9. Nc3 Bb4 10. Ndb5 0-0 11. Qxd8 Rxd8 12. Nc7 Rb8 13. Bxa7 Nxf3+ 14. gxf3 Bxc3+ 15. bxc3 Bd7 16. Bxb8 Rxb8 17. Rb1 Bc6 18. Nb5 Bxf3 19. 0-0 Ne4 20. Rfe1 Nd2 21. Rb4 Bd5 22. Nd4 g5 23. Rd1 Ne4 24. c4 Nc3 25. Rd3 Nxa2 26. Ra4 b5 27. Rxa2 Bxc4 28. Rb3 Bxb3 29. cxb3 Rd8 30. Nxb5 Rb8 31. Nd4 e5 32. Nf5 f6 33. Ra7 Rxb3 34. Rg7+ Kf8 35. Rxh7 Rf3 36. Nh6 e4 37. Kg2 Ke8 38. Rb7 Rf4 39. h3 f5 40. Rb5 Rf3 41. Nxf5 Kf7 42. Nd6+ 1-0

[Event "Online Olym Div Top-D"]
[Site "Chess.com INT"]
[Date "2021.09.10"]
[Round "7.3"]
[White "Caballero Quijano, Mitzy Mishell"]
[Black "Demchenko, Svitlana"]
[Result "1-0"]
[WhiteElo "1996"]
[BlackElo "2285"]
[PlyCount "93"]
[EventDate "2021.09.08"]
[EventType "team (rapid)"]
[EventRounds "9"]
[EventCountry "USA"]
[SourceTitle "CBM 204 Extra"]
[Source "ChessBase"]
[SourceDate "2021.11.30"]
[SourceVersion "1"]
[SourceVersionDate "2021.11.30"]
[SourceQuality "1"]
[WhiteTeam "Peru"]
[BlackTeam "Canada"]
[WhiteTeamCountry "PER"]
[BlackTeamCountry "CAN"]

1. d4 Nf6 2. Nf3 e6 3. g3 b6 4. Bg2 Bb7 5. 0-0 c5 6. c4 cxd4 7. Nxd4 Bxg2 8. Kxg2 Bc5 9. Nb5 0-0 10. Bf4 Nc6 11. Bd6 Bxd6 12. Nxd6 Qc7 13. Nc3 Ne5 14. b3 Ne8 15. Ncb5 Qc6+ 16. Kg1 f5 17. Qd4 Ng6 18. Rad1 Nf6 19. f4 a6 20. Na3 b5 21. Nc2 bxc4 22. bxc4 Rab8 23. Ne3 Rb4 24. a3 Rb3 25. Rd3 Rfb8 26. Rfd1 h5 27. c5 h4 28. Qc4 Rxd3 29. Rxd3 hxg3 30. hxg3 Rb1+ 31. Rd1 Rb2 32. Nexf5 Kh7 33. Nd4 Qa8 34. Nf3 Nh5 35. Kf2 Kg8 36. Ne4 Nhxf4 37. gxf4 Nxf4 38. Ng3 Nh3+ 39. Kg2 Ng5 40. Rf1 Qc6 41. Rf2 d6 42. Qd4 Rc2 43. cxd6 Rc4 44. Qd3 Rc5 45. d7 Rd5 46. d8Q+ Kf7 47. Ne5# 1-0

[Event "Online Olym Div Top-D"]
[Site "Chess.com INT"]
[Date "2021.09.10"]
[Round "8.3"]
[White "De Freitas, Isabella Ribeiro Co"]
[Black "Caballero Quijano, Mitzy Mishell"]
[Result "0-1"]
[WhiteElo "1909"]
[BlackElo "1996"]
[PlyCount "58"]
[EventDate "2021.09.08"]
[EventType "team (rapid)"]
[EventRounds "9"]
[EventCountry "USA"]
[SourceTitle "CBM 204 Extra"]
[Source "ChessBase"]
[SourceDate "2021.11.30"]
[SourceVersion "1"]
[SourceVersionDate "2021.11.30"]
[SourceQuality "1"]
[WhiteTeam "Brazil"]
[BlackTeam "Peru"]
[WhiteTeamCountry "BRA"]
[BlackTeamCountry "PER"]

1. c4 e5 2. Nc3 Nf6 3. g3 d6 4. Bg2 c6 5. Nf3 Be6 6. d3 g6 7. 0-0 Bg7 8. Rb1 0-0 9. Bd2 h6 10. b4 Nbd7 11. a4 d5 12. cxd5 cxd5 13. Qc1 d4 14. Nb5 Rc8 15. Qa3 Qb6 16. Qa1 Nd5 17. Rfc1 Rxc1+ 18. Rxc1 a6 19. Na3 Nxb4 20. a5 Qd6 21. Rb1 Nc6 22. Rxb7 Bd5 23. Rb1 Nc5 24. Nc4 Bxc4 25. dxc4 e4 26. Ne1 d3 27. Qa3 dxe2 28. Qe3 Rd8 29. Bc1 Qd1 0-1

[Event "Online Olym Div Top-D"]
[Site "Chess.com INT"]
[Date "2021.09.09"]
[Round "6.4"]
[White "Cervantes Landeiro, Thalia"]
[Black "Caballero Quijano, Mitzy Mishell"]
[Result "1/2-1/2"]
[WhiteElo "2175"]
[BlackElo "1996"]
[PlyCount "143"]
[EventDate "2021.09.08"]
[EventType "team (rapid)"]
[EventRounds "9"]
[EventCountry "USA"]
[SourceTitle "CBM 204 Extra"]
[Source "ChessBase"]
[SourceDate "2021.11.30"]
[SourceVersion "1"]
[SourceVersionDate "2021.11.30"]
[SourceQuality "1"]
[WhiteTeam "United States"]
[BlackTeam "Peru"]
[WhiteTeamCountry "USA"]
[BlackTeamCountry "PER"]

1. d4 d5 2. c4 e6 3. Nc3 Nf6 4. cxd5 exd5 5. Bg5 Be7 6. e3 h6 7. Bh4 0-0 8. Bd3 c6 9. Qc2 Nbd7 10. Nge2 Re8 11. f3 Nf8 12. 0-0 Be6 13. Rad1 N6h7 14. Bf2 Qd7 15. e4 dxe4 16. fxe4 Nf6 17. Nf4 Bg4 18. Rd2 Ne6 19. Nxe6 Bxe6 20. d5 Bg4 21. dxc6 bxc6 22. Bc4 Qb7 23. e5 Nd7 24. Bg3 Be6 25. Ne4 Bd5 26. Nd6 Bxd6 27. exd6 Nb6 28. Bb3 Rad8 29. Rdf2 Rd7 30. Rc1 Nc8 31. Bxd5 cxd5 32. Qa4 Red8 33. Rc7 Rxc7 34. dxc7 Rf8 35. h3 Qb6 36. Qd7 Qe6 37. Qxe6 fxe6 38. Re2 Kf7 39. Be5 Rg8 40. b4 Ke7 41. a4 Kd7 42. b5 Nb6 43. Rf2 Ke7 44. a5 Nc4 45. Bd4 Nxa5 46. Bxa7 Nb7 47. Bd4 Kd7 48. Rf7+ Kc8 49. b6 Nd6 50. Rf2 Kb7 51. Ra2 g5 52. Ra7+ Kc6 53. Ra6 Nb5 54. Bf2 Kb7 55. Ra1 d4 56. Ra5 Kxb6 57. Ra4 e5 58. Bg3 Re8 59. Bxe5 Nxc7 60. Bxd4+ Kb5 61. Ra7 Nd5 62. Rh7 Re6 63. Bg7 Nf4 64. Rxh6 Re2 65. Bf6 Rxg2+ 66. Kf1 Rg3 67. h4 gxh4 68. Bxh4 Rf3+ 69. Kg1 Nd3 70. Be7 Kc4 71. Rh4+ Kc3 72. Kg2 1/2-1/2

[Event "Online Olym Div Top-D"]
[Site "Chess.com INT"]
[Date "2021.09.08"]
[Round "1.2"]
[White "Kalaiyalahan, Akshaya"]
[Black "Caballero Quijano, Mitzy Mishell"]
[Result "1-0"]
[WhiteElo "2149"]
[BlackElo "1996"]
[PlyCount "105"]
[EventDate "2021.09.08"]
[EventType "team (rapid)"]
[EventRounds "9"]
[EventCountry "USA"]
[SourceTitle "CBM 204 Extra"]
[Source "ChessBase"]
[SourceDate "2021.11.30"]
[SourceVersion "1"]
[SourceVersionDate "2021.11.30"]
[SourceQuality "1"]
[WhiteTeam "England"]
[BlackTeam "Peru"]
[WhiteTeamCountry "ENG"]
[BlackTeamCountry "PER"]

1. Nf3 e6 2. g3 d5 3. Bg2 f5 4. 0-0 Nf6 5. d3 c6 6. Nbd2 Bd6 7. Re1 0-0 8. e4 fxe4 9. dxe4 Bc5 10. Qe2 Ng4 11. Rf1 b6 12. h3 Ba6 13. c4 Nf6 14. exd5 exd5 15. Qe6+ Kh8 16. Ng5 Qd7 17. Qxd7 Nbxd7 18. Ne6 Rfc8 19. b3 Bd6 20. Bb2 Ne5 21. Bxe5 Bxe5 22. Rac1 Re8 23. Ng5 Kg8 24. Rfd1 h6 25. Ngf3 Bd6 26. Bf1 Rad8 27. cxd5 Bxf1 28. Kxf1 cxd5 29. Nd4 Bc5 30. N2f3 Ne4 31. Rc2 a5 32. Rdc1 Rd7 33. Re2 Rf7 34. Kg2 Ref8 35. Rf1 Rf6 36. Rc2 Kh7 37. Re2 g6 38. Rc2 g5 39. g4 Nd6 40. Re2 Ne4 41. Nf5 Kg6 42. N3d4 Rd8 43. f3 Nc3 44. Rc2 Bb4 45. a3 h5 46. axb4 axb4 47. Re1 hxg4 48. hxg4 Kf7 49. Re7+ Kf8 50. Ne6+ Rxe6 51. Rxe6 d4 52. Rd6 Rxd6 53. Nxd6 1-0

[Event "Huanuco Navidad op 1st"]
[Site "Huanuco"]
[Date "2019.12.22"]
[Round "6"]
[White "Sanes, Vladimir"]
[Black "Caballero Quijano, Mitzy Mishell"]
[Result "1-0"]
[WhiteElo "2134"]
[BlackElo "1969"]
[PlyCount "163"]
[EventDate "2019.12.21"]
[EventType "swiss"]
[EventRounds "6"]
[EventCountry "PER"]
[SourceTitle "CBM 194 Extra"]
[Source "ChessBase"]
[SourceDate "2020.03.31"]
[SourceVersion "1"]
[SourceVersionDate "2020.03.31"]
[SourceQuality "1"]

1. Nf3 g6 2. g3 Bg7 3. d4 d6 4. Bg2 Nd7 5. 0-0 e5 6. c4 Ne7 7. Nc3 0-0 8. e4 exd4 9. Nxd4 Nc6 10. Be3 Nde5 11. Nxc6 bxc6 12. Bd4 c5 13. Bxe5 Bxe5 14. Rc1 Rb8 15. b3 Bd7 16. Kh1 Bg7 17. Qd2 a5 18. Rb1 Bc6 19. Nd5 Bxd5 20. cxd5 Rb4 21. a3 Rb5 22. Rfc1 Qb8 23. Qd1 Qb7 24. Bf1 Rb6 25. Bc4 f5 26. exf5 Rxf5 27. f4 Qc8 28. a4 Bd4 29. Qf3 Qf8 30. Re1 Kh8 31. Re4 Rb8 32. h4 Re8 33. Rbe1 Rfe5 34. Kg2 Rxe4 35. Rxe4 Rxe4 36. Qxe4 Kg7 37. g4 Qf6 38. g5 Qf7 39. Kg3 Kf8 40. Bb5 Qe7 41. Qxe7+ Kxe7 42. Kg4 Kf7 43. Bd7 Kg7 44. h5 Be3 45. h6+ Kg8 46. f5 gxf5+ 47. Bxf5 Bd2 48. Kh5 Be3 49. Be4 Bd2 50. Kg4 Bc1 51. Kf5 Bd2 52. Bf3 Bc1 53. Bh5 Bd2 54. Kf6 Be1 55. Bf7+ Kh8 56. Be6 Bd2 57. Kf5 Bc1 58. Kg4 Bd2 59. Kh5 Be1 60. g6 hxg6+ 61. Kxg6 Bd2 62. h7 Bc3 63. Bf5 Bd4 64. Kf7 Be5 65. Ke7 Kg7 66. Kd7 Kf7 67. Kxc7 Ke7 68. Bd3 Bc3 69. Bb5 Bd4 70. Bc4 Bc3 71. Kc8 Ke8 72. Bb5+ Ke7 73. Kc7 Bd4 74. Bd7 Be5 75. Be6 Bc3 76. Kb6 Kd8 77. Kc6 Ke7 78. Bg4 Bd4 79. Kb5 Bc3 80. h8Q Bxh8 81. Kxa5 Bd4 82. Kb5 1-0

[Event "South America-ch U18 16th"]
[Site "Buenos Aires"]
[Date "2019.12.02"]
[Round "3.10"]
[White "Caballero Quijano, Mitzy Mishell"]
[Black "Pinto, Daniel"]
[Result "1/2-1/2"]
[WhiteElo "1969"]
[BlackElo "2260"]
[PlyCount "124"]
[EventDate "2019.12.01"]
[EventType "swiss"]
[EventRounds "9"]
[EventCountry "ARG"]
[SourceTitle "EXT 2024"]
[Source "ChessBase"]
[SourceDate "2023.10.10"]
[SourceVersion "1"]
[SourceVersionDate "2023.10.10"]
[SourceQuality "1"]

1. d4 Nf6 2. Nf3 d6 3. c4 Nbd7 4. g3 e5 5. Bg2 Be7 6. 0-0 0-0 7. Nc3 c6 8. e4 a6 9. a4 a5 10. h3 Re8 11. Qc2 Qc7 12. b3 Nf8 13. Ba3 h6 14. Rad1 N6h7 15. Ne2 Ne6 16. Kh2 Bd7 17. Rd2 Rad8 18. Rfd1 Bc8 19. Qb2 Nhg5 20. Nxg5 hxg5 21. Qc2 c5 22. d5 Nf8 23. f3 Ng6 24. Nc3 Bf6 25. Re2 Kf8 26. Rh1 Ke7 27. Nd1 Rh8 28. Kg1 Rh7 29. Bc1 Rdh8 30. Nf2 Kf8 31. Bd2 Bd8 32. Ng4 Kg8 33. Bf1 Nf8 34. Reh2 g6 35. Ne3 Nd7 36. Bd3 Nf6 37. g4 Qe7 38. Kg2 Kf8 39. Be1 Ne8 40. Kf1 Qf6 41. Ke2 Rh6 42. Bd2 R8h7 43. Kf2 Qh8 44. Kg2 Nf6 45. Qd1 Ne8 46. Qe1 b6 47. Qc1 f6 48. Qf1 Ke7 49. Kf2 Kd7 50. Ke1 Kc7 51. Kd1 Rf7 52. Kc2 Ng7 53. Kb2 Kb7 54. Qe2 Ne8 55. Qg2 Nc7 56. Qe2 Na6 57. Qg2 Rfh7 58. Bb1 Bd7 59. Nd1 Nb4 60. Ne3 Qe8 61. Ka3 Be7 62. Qe2 Qh8 1/2-1/2

[Event "Pan American-ch U20"]
[Site "Cochabamba"]
[Date "2019.08.05"]
[Round "7"]
[White "Inaicheo Santana, Edward Andres"]
[Black "Caballero Quijano, Mitzy Mishell"]
[Result "0-1"]
[WhiteElo "1635"]
[BlackElo "2059"]
[PlyCount "56"]
[EventDate "2019.08.01"]
[EventType "swiss"]
[EventRounds "9"]
[EventCountry "BOL"]
[SourceTitle "EXT 2021"]
[Source "ChessBase"]
[SourceDate "2020.10.23"]
[SourceVersion "1"]
[SourceVersionDate "2020.10.23"]
[SourceQuality "1"]

1. d4 e6 2. Nf3 f5 3. Nc3 Nf6 4. Bg5 Bb4 5. e3 0-0 6. Bd3 h6 7. Bh4 d6 8. 0-0 Bxc3 9. bxc3 Qe8 10. Bxf6 gxf6 11. e4 fxe4 12. Bxe4 f5 13. Bd3 Nd7 14. Re1 Qf7 15. Nd2 Nf6 16. Qf3 Kh8 17. Qh3 Qg7 18. f4 Nd5 19. Qh4 Nxc3 20. Re3 Nd5 21. Rae1 Nxe3 22. Rxe3 Bd7 23. c3 Rf6 24. Rh3 Rg6 25. g3 Bc6 26. Be2 Kh7 27. Kf2 Rg4 28. Qh5 Be8 0-1

[Event "American Continental (Women) 11th"]
[Site "Envigado"]
[Date "2018.11.17"]
[Round "1"]
[White "Arribas Robaina, Maritza"]
[Black "Caballero Quijano, Mitzy Mishell"]
[Result "1-0"]
[WhiteElo "2257"]
[BlackElo "1992"]
[PlyCount "71"]
[EventDate "2018.11.17"]
[EventType "swiss"]
[EventRounds "9"]
[EventCountry "COL"]
[SourceTitle "CBM 187 Extra"]
[Source "ChessBase"]
[SourceDate "2018.11.04"]
[SourceVersion "1"]
[SourceVersionDate "2018.11.04"]
[SourceQuality "1"]

1. e4 e6 2. d4 d5 3. Nd2 dxe4 4. Nxe4 Nd7 5. Nf3 Ngf6 6. Nxf6+ Nxf6 7. Bd3 Be7 8. 0-0 0-0 9. Bg5 c5 10. dxc5 Bxc5 11. Qe2 h6 12. Bh4 Be7 13. Rfe1 Nd7 14. Bg3 Nc5 15. Bc4 Qb6 16. c3 Bd7 17. Rad1 Rad8 18. Ne5 Bc8 19. b4 Na6 20. a4 Rxd1 21. Rxd1 Rd8 22. a5 Rxd1+ 23. Qxd1 Qc7 24. Qd3 Bd6 25. Bxa6 bxa6 26. Nc4 Bxg3 27. hxg3 Kf8 28. Qd4 f6 29. Nd6 Bd7 30. c4 Ke7 31. c5 e5 32. Qc4 Be6 33. Qxa6 Bd7 34. Qc4 Be6 35. Qe4 a6 36. Qa8 1-0